00800 2200229 4500001002100000005001700021008004100038035002400079040001200103041000800115082001800123084001800141090002200159100002800181245017800209260008900387300002900476651001200505651002300517850001200540990001800552INLIS00000000002967520170726094623.0  0010-071700000000845 aYOPDYOG0 aind042[23]a959.865 a959.865 Njo M aBTR 959.865 Njo M0 aNJOMAN PUTRA ADNJANA, I1 aMonografi Daerah Kabupaten Sumbawa Propinsi Nusa Tenggara Baratb: Proyek Penyempurnaan dan Pengembangan Statistik Pertanian Pangan Tahun 1981/1982c/ I Njoman Putra Adnjana aJakartabDirektorat Jenderal Pertanian Tanaman Pangan, Direktorat Bina Programc1981 aviii, 150 hlm.c; 27 cm. 4aSumbawa 4aIndonesiaxSejarah aYOPDYOG a55393-PD/A.17